LEADER 01054nam a2200277 i 4500 001 000000157363 003 CaOOAMICUS 005 20070108000000.0 008 070108s1985 it u000 u ita u 013 $a134719 020 $a88-85678-58-0 040 $aSeMil$bita 100 1 $aJames, Alice.$0(OLS)http://semarc/name/61431 240 14$aThe diary of Alice James.$0(OLS)http://semarc/title/230750 245 13$aIl diario :$b1889-1892 /$cAlice James. 260 $aMilano :$bLa Tartaruga,$ccopyr. 1985. 300 $a225 p., [1] c. di tav. , 20 cm. 500 $aFondo Ciprandi. 650 4$aJames, Alice - Diario - 1889-1892.$0(OLS)http://semarc/subject/30802 850 $aSeMil 852 $aSeMil$W1$xVenegono$y1$m1U I 85$j109049$B109049$CSeMilBibl$Z2$F118564 $81 941 1 $a1 961 $aOmaggio: Ciprandi dott. Paolo 996 $6020$a88-85678-58-0$9(OLS)http://semarc/number/147628 996 $6245$aIl diario :$b1889-1892$9(OLS)http://semarc/title/230749 996 $6260$aMilano :$bLa Tartaruga$9(OLS)http://semarc/publisher/34786 LEADER 01285nam a2200265 4500 001 000000360987 003 CaOOAMICUS 005 20241202165054.0 008 241202s2022 it 000 u ita r 020 $a978-88-498-7248-4 040 $aSeMil$bita 100 1 $aParente, Ulderico,$d<1964- >.$0(OLS)http://semarc/name/65207 245 10$aDon Tonino Bello (1935-1993) :$buna biografia /$cUldrerico Parente ; presentazione di mons. Domenico Cornacchia. 264 1$aSoveria Mannelli :$bRubbettino,$c2022. 300 $a492 p. ;$c23 cm 490 1 $aSpiritualitą e promozione umana. Nuova serie ;$v8 600 14$aBello, Antonio .$0(OLS)http://semarc/subject/21262 700 1 $aCornacchia, Domenico,$c.$0(OLS)http://semarc/name/121069 830 0$aSpiritualitą e promozione umana. Nuova serie ;$v8.$0(OLS)http://semarc/title/428924 850 $aSeMil 852 $aSeMil$W1$xVenegono$y1$m3F III 747$j252724$B251970$CSeMilBibl$Z2$F251970 $81 996 $6020$a978-88-498-7248-4$9(OLS)http://semarc/number/301962 996 $6245$aDon Tonino Bello (1935-1993) :$buna biografia$9(OLS)http://semarc/title/451597 996 $6264$aSoveria Mannelli :$bRubbettino$9(OLS)http://semarc/publisher/32145